Statistics for City Where Happy Things Happened

Click here to take the quiz!

General Stats

  • This quiz has been taken 454 times
  • The average score is 9 of 15

Answer Stats

YearEventCity% Correct
2012Queen Elizabeth II celebrates her Diamond JubileeLondon
98%
1989A wall emblematic of the Cold War is torn downBerlin
94%
1896The first modern Olympic games are joined by 14 nationsAthens
86%
1969Mission control celebrates the first manned moon landingHouston
81%
2004Facebook launchedCambridge, MA
78%
2008The first Black president of the USA gives a victory speech at Grant ParkChicago
78%
19693 days of peace and music (and acid-fueled mud-covered orgies)Woodstock
73%
1919A treaty is signed ending the war between Germany and the Allied powersVersailles
65%
1783First manned untethered balloon flightParis
62%
1940The first McDonald's opens for businessSan Bernardino
56%
1971The "happiest place on Earth" begins accepting touristsOrlando
52%
2004The Boston Red Sox break the curse of the BambinoSt Louis
17%
1965Trent Reznor is bornNew Castle
10%
1885Karl Benz creates the first gas-powered automobileMannheim
9%
1869The "golden spike" is driven in, completing the Transcontinental RailroadPromontory
7%

Score Distribution

Percentile by Number Answered

Percent of People with Each Score

Your Score History

You have not taken this quiz